000 00449nam a2200181Ia 4500
001 19907
005 20260306172727.0
008 260306t2018||||xx |||||||||||||| ||spa||
041 _aESP
082 _a341.4
_bA66
100 _aAránguez Sánchez, Tasia
_eAUT
245 0 _aArgumentación jurídica y ética de la virtud
260 _c2018
300 _a206 páginas :
_c24 cm.
650 _aGEN
654 _aCDE
942 _cLIB
_dJUS
_fJUS
_2ddc
_n
999 _c19907
_d19907